[Event "CZE-chT2A 1415"]
[Site "Czech Republic"]
[Date "2015.02.22"]
[Round "8.8"]
[White "Petras, Milan"]
[Black "Matejka, Vladimir"]
[Result "1-0"]
[WhiteElo "1978"]
[BlackElo "2030"]
[PlyCount "47"]
[EventDate "2014.11.02"]
[EventType "team-tourn"]
[EventRounds "11"]
[EventCountry "CZE"]
[SourceTitle "EXT 2022"]
[Source "ChessBase"]
[SourceDate "2021.10.06"]
[SourceVersion "1"]
[SourceVersionDate "2021.10.06"]
[SourceQuality "1"]
[WhiteTeam "Praha Vrsovice"]
[BlackTeam "Praha Dopravni podnik"]
[WhiteTeamCountry "CZE"]
[BlackTeamCountry "CZE"]

1. e4 d6 2. f4 Nf6 3. d3 c5 4. g3 Nc6 5. Bg2 Bg4 6. Qd2 Bd7 7. Nf3 e6 8. 0-0 Be7 9. Nc3 d5 10. e5 Ng4 11. h3 Nh6 12. g4 Qb6 13. f5 d4 14. Na4 Qb4 15. f6 Bf8 16. b3 gxf6 17. exf6 0-0-0 18. Qf4 b5 19. Bd2 Qa3 20. Bc1 Qb4 21. Bd2 Qa3 22. Ne5 Bd6 23. Nxc6 Bxf4 24. Ne7+ 1-0

[Event "CZE-chT2A 1415"]
[Site "Czech Republic"]
[Date "2015.02.08"]
[Round "7.8"]
[White "Kotyk, Vaclav"]
[Black "Matejka, Vladimir"]
[Result "1-0"]
[WhiteElo "1967"]
[BlackElo "2030"]
[PlyCount "63"]
[EventDate "2014.11.02"]
[EventType "team-tourn"]
[EventRounds "11"]
[EventCountry "CZE"]
[SourceTitle "EXT 2022"]
[Source "ChessBase"]
[SourceDate "2021.10.06"]
[SourceVersion "1"]
[SourceVersionDate "2021.10.06"]
[SourceQuality "1"]
[WhiteTeam "Kladno"]
[BlackTeam "Praha Dopravni podnik"]
[WhiteTeamCountry "CZE"]
[BlackTeamCountry "CZE"]

1. Nf3 Nf6 2. d4 c5 3. d5 e6 4. c4 exd5 5. cxd5 Bd6 6. Na3 0-0 7. Nc4 Qe7 8. e3 Na6 9. Bd3 Nc7 10. 0-0 b5 11. Nxd6 Qxd6 12. e4 c4 13. Bb1 Ng4 14. h3 Ne5 15. Nd4 Re8 16. f4 Nd3 17. Bxd3 cxd3 18. Qxd3 Ba6 19. Nf5 Qb4 20. Ng3 Qd6 21. Rd1 f6 22. Qf3 Bb7 23. Be3 a5 24. Rac1 Na6 25. Bd4 Rac8 26. Qg4 Rxc1 27. Rxc1 Rc8 28. Rxc8+ Bxc8 29. Nh5 Qf8 30. Nxf6+ Kf7 31. Nxh7 d6 32. Qh5+ 1-0

[Event "Liberec Metalmex op"]
[Site "Liberec"]
[Date "2011.08.19"]
[Round "7"]
[White "Matejka, Vladimir"]
[Black "Svertsal, Marcel"]
[Result "1-0"]
[WhiteElo "1977"]
[BlackElo "1712"]
[PlyCount "49"]
[EventDate "2011.08.13"]
[EventType "swiss"]
[EventRounds "9"]
[EventCountry "CZE"]
[SourceTitle "CBM 143 Extra"]
[Source "ChessBase"]
[SourceDate "2011.08.29"]
[SourceVersion "1"]
[SourceVersionDate "2011.08.29"]
[SourceQuality "1"]

1. d4 Nf6 2. c4 e6 3. Nf3 b6 4. g3 Bb7 5. Bg2 Bb4+ 6. Bd2 Ke7 7. Bxb4+ d6 8. 0-0 Re8 9. Nbd2 Nbd7 10. Qc2 c5 11. dxc5 bxc5 12. Bc3 h5 13. Rad1 Rg8 14. h4 Qc7 15. Ng5 Bxg2 16. Kxg2 Ng4 17. Ndf3 f6 18. Ne4 Nde5 19. Nxd6 Rad8 20. Nb5 Qb7 21. Bxe5 Nxe5 22. Qh7 Rdf8 23. Qc2 a6 24. Nd6 Qc6 25. Qe4 1-0

[Event "Liberec Metalmex op"]
[Site "Liberec"]
[Date "2011.08.18"]
[Round "6"]
[White "Vaclavicek, Lukas"]
[Black "Matejka, Vladimir"]
[Result "1-0"]
[WhiteElo "1807"]
[BlackElo "1977"]
[PlyCount "55"]
[EventDate "2011.08.13"]
[EventType "swiss"]
[EventRounds "9"]
[EventCountry "CZE"]
[SourceTitle "CBM 143 Extra"]
[Source "ChessBase"]
[SourceDate "2011.08.29"]
[SourceVersion "1"]
[SourceVersionDate "2011.08.29"]
[SourceQuality "1"]

1. e4 c5 2. Nf3 d6 3. d4 cxd4 4. Nxd4 Nf6 5. Nc3 a6 6. Bg5 Nbd7 7. f4 Qc7 8. Qf3 h6 9. Bxf6 Nxf6 10. h3 e6 11. 0-0-0 b5 12. a3 Bb7 13. Bd3 Rc8 14. Rhe1 Nd7 15. Qg4 h5 16. Qe2 Be7 17. g4 Bf6 18. Bxb5 axb5 19. Ndxb5 Qb6 20. Nxd6+ Ke7 21. Nxc8+ Rxc8 22. e5 Nxe5 23. g5 Nc4 24. gxf6+ gxf6 25. b3 Nxa3 26. Qd3 Qa5 27. Qd6+ Ke8 28. Rxe6+ 1-0

[Event "Liberec Metalmex op"]
[Site "Liberec"]
[Date "2011.08.16"]
[Round "4"]
[White "Zima, Jan"]
[Black "Matejka, Vladimir"]
[Result "1-0"]
[WhiteElo "1814"]
[BlackElo "1977"]
[PlyCount "65"]
[EventDate "2011.08.13"]
[EventType "swiss"]
[EventRounds "9"]
[EventCountry "CZE"]
[SourceTitle "CBM 143 Extra"]
[Source "ChessBase"]
[SourceDate "2011.08.29"]
[SourceVersion "1"]
[SourceVersionDate "2011.08.29"]
[SourceQuality "1"]

1. e4 d6 2. d4 Nf6 3. Nc3 e5 4. Nf3 Nbd7 5. Bc4 Be7 6. 0-0 c6 7. a4 0-0 8. Qe2 b6 9. Rd1 Qc7 10. b3 a6 11. Bb2 Bb7 12. dxe5 dxe5 13. Rd2 Bb4 14. Bxf7+ Rxf7 15. Qc4 Bxc3 16. Ng5 Nf8 17. Bxc3 b5 18. Qxf7+ Qxf7 19. Nxf7 Kxf7 20. f3 Ng6 21. Rad1 Re8 22. Bb4 Rb8 23. a5 Nf4 24. g3 Ng6 25. Kf2 h5 26. Rd8 Bc8 27. Ke3 h4 28. R1d6 hxg3 29. hxg3 Ne7 30. Rd1 Ra8 31. Bd6 Nd7 32. Bxe7 Kxe7 33. R1xd7+ 1-0

[Event "Ostrava op"]
[Site "Ostrava"]
[Date "2010.05.03"]
[Round "3"]
[White "Ockay, Tomas"]
[Black "Matejka, Vladimir"]
[Result "1-0"]
[WhiteElo "2140"]
[BlackElo "2005"]
[PlyCount "91"]
[EventDate "2010.05.01"]
[EventType "swiss"]
[EventRounds "9"]
[EventCountry "CZE"]
[SourceTitle "EXT 2011"]
[Source "ChessBase"]
[SourceDate "2010.11.26"]
[SourceVersion "1"]
[SourceVersionDate "2010.11.26"]
[SourceQuality "1"]

1. Nf3 g6 2. g3 Nf6 3. c4 Bg7 4. Bg2 0-0 5. 0-0 c5 6. Nc3 Nc6 7. b3 d6 8. Bb2 Rb8 9. d4 cxd4 10. Nxd4 Bd7 11. e3 a6 12. Rc1 Nxd4 13. Qxd4 Bc6 14. Nd5 Ne8 15. Qd2 Bxb2 16. Qxb2 e6 17. Nf4 Bxg2 18. Kxg2 Qf6 19. Qa3 Qe5 20. h4 Ng7 21. Rfd1 Nf5 22. Qb4 Qe4+ 23. Kg1 Rfc8 24. Qb6 Qf3 25. Re1 Rc6 26. Qa7 Rbc8 27. Qxb7 R8c7 28. Qb4 Qg4 29. Kh2 Qf3 30. Qd2 d5 31. Nd3 Qe4 32. c5 Nh6 33. Qe2 Ng4+ 34. Kg1 Ne5 35. Nxe5 Qxe5 36. b4 Qe4 37. a3 e5 38. Red1 Rf6 39. Qd2 Qf3 40. Rc2 d4 41. exd4 Rd7 42. d5 e4 43. Qe2 Qb3 44. c6 Rxd5 45. Rxd5 Qxd5 46. c7 1-0

[Event "Liberec Metalmex op"]
[Site "Liberec"]
[Date "2010.??.??"]
[Round "9"]
[White "Kaderabek, Jiri"]
[Black "Matejka, Vladimir"]
[Result "1/2-1/2"]
[WhiteElo "2192"]
[BlackElo "2009"]
[PlyCount "115"]
[EventDate "2010.08.14"]
[EventType "swiss"]
[EventRounds "9"]
[EventCountry "CZE"]
[SourceTitle "CBM 138 Extra"]
[Source "ChessBase"]
[SourceDate "2010.10.29"]
[SourceVersion "1"]
[SourceVersionDate "2010.10.29"]
[SourceQuality "1"]

1. e4 d6 2. d4 Nf6 3. Nc3 e5 4. Nf3 Nbd7 5. Bc4 Be7 6. g4 Nb6 7. Bb3 Bxg4 8. dxe5 dxe5 9. Qxd8+ Rxd8 10. Nxe5 Bh5 11. Rg1 Nxe4 12. Nxf7 Bxf7 13. Nxe4 Rd4 14. f3 Bg6 15. Be3 Rd8 16. Ng5 Nd5 17. Bd2 Bxg5 18. Rxg5 c6 19. h4 0-0 20. h5 Rxf3 21. 0-0-0 Bf7 22. Bc3 g6 23. h6 Re8 24. Bg7 Ne3 25. Re5 Nd5 26. Rxe8+ Bxe8 27. c4 Nb4 28. Rd8 Kf7 29. Kd2 Ke7 30. Rb8 Rd3+ 31. Ke2 Rd7 32. Ke3 c5 33. Kf4 Rc7 34. Kg5 Nc6 35. Ra8 Nd4 36. Bd1 Ne6+ 37. Kh4 a6 38. Bc2 Kf7 39. Be5 Re7 40. Bd6 Rd7 41. Be5 Rd2 42. Bxg6+ Kxg6 43. Rxe8 Nd4 44. Rg8+ Kf5 45. Bg3 Kf6 46. Kg4 Rxb2 47. Rh8 Rg2 48. Kh3 Rxa2 49. Rxh7 Kg6 50. Rxb7 Kxh6 51. Kg4 Re2 52. Rb6+ Re6 53. Rxe6+ Nxe6 54. Kf5 Nd4+ 55. Ke4 a5 56. Bd6 Nb3 57. Kd3 a4 58. Kc2 1/2-1/2

[Event "Liberec Metalmex op"]
[Site "Liberec"]
[Date "2010.??.??"]
[Round "8"]
[White "Matejka, Vladimir"]
[Black "Peniska, Pavel"]
[Result "1-0"]
[WhiteElo "2009"]
[BlackElo "1969"]
[PlyCount "35"]
[EventDate "2010.08.14"]
[EventType "swiss"]
[EventRounds "9"]
[EventCountry "CZE"]
[SourceTitle "CBM 138 Extra"]
[Source "ChessBase"]
[SourceDate "2010.10.29"]
[SourceVersion "1"]
[SourceVersionDate "2010.10.29"]
[SourceQuality "1"]

1. d4 Nf6 2. c4 g6 3. Nc3 d5 4. cxd5 Nxd5 5. Bd2 Bg7 6. e4 Nxc3 7. bxc3 0-0 8. Nf3 c5 9. d5 e6 10. Bc4 exd5 11. Bxd5 Qc7 12. Rb1 Nc6 13. 0-0 Rb8 14. Qc1 Ne5 15. Nxe5 Bxe5 16. f4 Bg7 17. f5 Be5 18. Bh6 1-0

[Event "Liberec Metalmex op"]
[Site "Liberec"]
[Date "2010.??.??"]
[Round "5"]
[White "Vaclavicek, Lukas"]
[Black "Matejka, Vladimir"]
[Result "1/2-1/2"]
[WhiteElo "1642"]
[BlackElo "2009"]
[PlyCount "94"]
[EventDate "2010.08.14"]
[EventType "swiss"]
[EventRounds "9"]
[EventCountry "CZE"]
[SourceTitle "CBM 138 Extra"]
[Source "ChessBase"]
[SourceDate "2010.10.29"]
[SourceVersion "1"]
[SourceVersionDate "2010.10.29"]
[SourceQuality "1"]

1. e4 d6 2. d4 Nf6 3. Nc3 e5 4. dxe5 dxe5 5. Qxd8+ Kxd8 6. Bg5 c6 7. 0-0-0+ Kc7 8. Bc4 Be6 9. Bxe6 fxe6 10. f3 Nbd7 11. Be3 Bb4 12. Nce2 Rad8 13. Nh3 h6 14. Nf2 Rhf8 15. Nd3 Bd6 16. Ng3 a5 17. Rd2 Nb6 18. Nc5 Rfe8 19. b3 a4 20. Rhd1 axb3 21. axb3 Nc8 22. Kb2 b6 23. Na4 c5 24. c4 Be7 25. Rxd8 Rxd8 26. Rxd8 Bxd8 27. Nc3 Na7 28. Ka3 Nc6 29. Nb5+ Kd7 30. Kb2 Nd4 31. Nxd4 exd4 32. Bf4 Ne8 33. Ne2 Kc6 34. Kc2 b5 35. Be5 Bc7 36. Bxc7 Nxc7 37. e5 Kb6 38. Kd3 Ka5 39. f4 Kb4 40. Nc1 Na8 41. g4 g6 42. h4 Nb6 43. cxb5 Kxb5 44. Ke4 Kc6 45. Nd3 Nd5 46. f5 Nc3+ 47. Kf4 Nd5+ 1/2-1/2

[Event "Harrachov op-A"]
[Site "Harrachov"]
[Date "2009.10.31"]
[Round "9"]
[White "Matejka, Vladimir"]
[Black "Bernath, Stefan"]
[Result "1-0"]
[WhiteElo "1973"]
[BlackElo "1944"]
[PlyCount "105"]
[EventDate "2009.10.24"]
[EventType "swiss"]
[EventRounds "9"]
[EventCountry "CZE"]
[SourceTitle "EXT 2012"]
[Source "ChessBase"]
[SourceDate "2011.11.24"]
[SourceVersion "1"]
[SourceVersionDate "2011.11.24"]
[SourceQuality "1"]

1. e4 c5 2. Nf3 e6 3. Nc3 a6 4. a4 Qc7 5. Bc4 d6 6. 0-0 Nc6 7. d3 Nf6 8. Re1 Be7 9. h3 0-0 10. Bf4 Nd7 11. Qe2 Bf6 12. Rad1 Nde5 13. Nxe5 Bxe5 14. Bxe5 dxe5 15. Qh5 Nd4 16. Re3 Qb6 17. b3 Qa5 18. Na2 b5 19. c3 bxc4 20. cxd4 cxd4 21. Rg3 g6 22. dxc4 Rb8 23. Qh6 Bb7 24. f3 Bc6 25. Nc1 Rfd8 26. h4 Qc3 27. Rd3 Qe1+ 28. Kh2 Rf8 29. h5 Be8 30. Rh3 Rb7 31. b4 Qxb4 32. Rb3 Qe7 33. Rxb7 Qxb7 34. Nd3 Qc7 35. hxg6 fxg6 36. Qg5 Bxa4 37. Nf2 Qg7 38. Ng4 d3 39. Nh6+ Kh8 40. Ng4 Bc2 41. Nxe5 Kg8 42. Ng4 Qc7+ 43. e5 a5 44. g3 Rxf3 45. Nf6+ Rxf6 46. exf6 a4 47. Qb5 Kf8 48. Rh4 h5 49. Rd4 Qa7 50. Rd8+ Kf7 51. Qe8+ Kxf6 52. Qh8+ Kf5 53. Qf8+ 1-0

[Event "Ricany op"]
[Site "Ricany"]
[Date "2009.08.25"]
[Round "5"]
[White "Postupa, Pavel1111"]
[Black "Matejka, Vladimir"]
[Result "0-1"]
[WhiteElo "2131"]
[BlackElo "1993"]
[PlyCount "82"]
[EventDate "2009.08.22"]
[EventType "swiss"]
[EventRounds "9"]
[EventCountry "CZE"]
[SourceTitle "CBM 131 Extra"]
[Source "ChessBase"]
[SourceDate "2009.09.03"]
[SourceVersion "2"]
[SourceVersionDate "2009.09.16"]
[SourceQuality "1"]

1. e4 c5 2. Nf3 a6 3. d4 cxd4 4. Nxd4 e5 5. Nb3 Nf6 6. Bd3 Nc6 7. 0-0 d5 8. Nc3 Bg4 9. Qe1 Bb4 10. Bd2 d4 11. Ne2 Bxd2 12. Qxd2 Qd6 13. f3 Be6 14. g3 Bxb3 15. axb3 0-0 16. g4 Nb4 17. Ng3 Nxd3 18. Qxd3 g6 19. Rf2 Rfd8 20. h4 Nd7 21. Qd2 Nc5 22. b4 Ne6 23. Rd1 Nf4 24. Rh2 Rac8 25. h5 Kg7 26. Kh1 Rc4 27. c3 d3 28. Nf1 Qf6 29. Ne3 Rc7 30. Rf1 Ne2 31. Kg2 Qf4 32. Rh3 Rcd7 33. Kf2 a5 34. bxa5 Ra8 35. Rfh1 Kg8 36. Ra1 f5 37. exf5 gxf5 38. gxf5 Rg7 39. h6 Rg3 40. Rxg3+ Qxg3+ 41. Kf1 Qg1# 0-1

[Event "Sec Svetla op"]
[Site "Sec u Chrudimi"]
[Date "2008.11.01"]
[Round "9"]
[White "Hajek, Jaroslav"]
[Black "Matejka, Vladimir"]
[Result "1-0"]
[WhiteElo "1925"]
[BlackElo "1787"]
[PlyCount "65"]
[EventDate "2008.10.25"]
[EventType "swiss"]
[EventRounds "9"]
[EventCountry "CZE"]
[SourceTitle "EXT 2023"]
[Source "ChessBase"]
[SourceDate "2022.10.05"]
[SourceVersion "1"]
[SourceVersionDate "2022.10.05"]
[SourceQuality "1"]

1. e4 c5 2. f4 d5 3. exd5 Nf6 4. Bb5+ Bd7 5. Bxd7+ Qxd7 6. c4 g6 7. Nf3 Bg7 8. 0-0 0-0 9. Nc3 b5 10. d3 Re8 11. Be3 Ng4 12. Bxc5 Na6 13. Bf2 b4 14. Qa4 Qb7 15. Nd1 Nxf2 16. Rxf2 Nc5 17. Qc2 Rac8 18. Ne3 e6 19. Rd1 a5 20. b3 Qc7 21. d4 Qxf4 22. dxe6 Nxe6 23. Nd5 Qd6 24. Qd2 f5 25. Re2 g5 26. Rde1 h6 27. Qd3 g4 28. Qxf5 gxf3 29. Rxe6 Bxd4+ 30. Kf1 Rxe6 31. Rxe6 Qxh2 32. Rg6+ Bg7 33. Nf6+ 1-0

[Event "Sec Svetla op"]
[Site "Sec u Chrudimi"]
[Date "2008.10.28"]
[Round "4"]
[White "Framberk, Jan"]
[Black "Matejka, Vladimir"]
[Result "1/2-1/2"]
[WhiteElo "2024"]
[BlackElo "1787"]
[PlyCount "86"]
[EventDate "2008.10.25"]
[EventType "swiss"]
[EventRounds "9"]
[EventCountry "CZE"]
[SourceTitle "EXT 2023"]
[Source "ChessBase"]
[SourceDate "2022.10.05"]
[SourceVersion "1"]
[SourceVersionDate "2022.10.05"]
[SourceQuality "1"]

1. e4 c5 2. Nf3 a6 3. c3 d5 4. exd5 Qxd5 5. d4 cxd4 6. cxd4 Bg4 7. Be2 Nc6 8. Nc3 Qa5 9. 0-0 Rd8 10. Be3 e6 11. h3 Bh5 12. Qb3 Qb4 13. Qxb4 Bxb4 14. Rfd1 Nf6 15. Rac1 0-0 16. a3 Ba5 17. Na4 Ne4 18. g4 Bg6 19. Bxa6 Nxd4 20. Rxd4 bxa6 21. Rc6 Rxd4 22. Bxd4 Ra8 23. Ne5 Bd8 24. Nb6 Bxb6 25. Rxb6 Nf6 26. Nxg6 hxg6 27. Bxf6 gxf6 28. Kg2 Kg7 29. Kg3 g5 30. f4 Kg6 31. h4 gxh4+ 32. Kxh4 Rh8+ 33. Kg3 Ra8 34. Kf3 a5 35. Rb5 a4 36. Rb4 Ra5 37. Ke4 Kh6 38. Kd4 Kg6 39. Kc3 f5 40. gxf5+ Kxf5 41. Rc4 e5 42. fxe5 Kxe5 43. Rb4 f5 1/2-1/2